00795nam a22001697a 4500003000900000008004100009040007100050082002700121245010400148260002800252300004500280440005800325505017300383650002400556650001400580700003100594AR-CdUCM190425b ||||| |||| 00| 0 spa d aMUNICIPALIDAD PROVINCIAL DEL CUSCOcBIBLIOTECA MUNICIPAL DEL CUSCO aControversia/N°4/2007 aControversia la revista :bInvestigación análisis opinión /cEnrique Aguirre Castro, Director aCusco.bCagibes,c2007. a34 páginas. :bilustraciones ;c28 cm. aControversia.nAño I, Edición 04, diciembre 2007. aContenido: Camisea desastres medioambientales sin sanción. -- Revocatoria pasos a seguir. -- Peligro de desastre sismico en Cusco. -- Gas en el Cusco y ahora que. ... aSociedad cusqueña aMinería aFiascunari Bedregal, Fredy